01136nam a22002775a 450000500170000000800410001701000130005802000240007103500130009503700500010804000130015808200160017110000240018724500750021126000460028627000490033230000300038150000480041154600360045961000760049565000100057165100510058194200300063299900170066295201790067920110818113438.0090626s2009 ii af g b 001 0 eng d aB-432640 a817658049Xc1450.00 aB-432640 bDE/2010/CR/0003016/31.3.11/85/24.3.11/31.3.11 bEnglish  a338.9260954 aSikka, Pawan933019 aIndia's national policies :cby Bata K. Deyba vision of a new world / aNew Delhi bUppal Publishing Housec2009. a3 Ansari Road, DaryaganjbNew Delhi e110002 axvi, 447 p.:c23 cm (Hb)  aIncludes bibliographical references & index aAnnexures in English and Hindi. aDelhi (India : Union Territory).bLegislative AssemblyxHistory.933020 933021 aDelhi (India)xPolitics and government.933022 2ddccENmSIKh338.9260954 c55576d55576 00102ddc40708NFICaLbLd2011-08-18eDE/2010/CR/0003016/31.3.11/85/24.3.11/31.3.11g1450.00l0o338.9260954 SIKpB-432640r2011-08-18 00:00:00t1v1450.00w2011-08-18yEN